000 00523cam a2200145 4500500
005 20260208002338.0
041 _afre
042 _adc
100 1 0 _aLézé, Samuel
_eauthor
245 0 0 _aMichel Castra, Bien mourir. Sociologie des soins palliatifs, Paris, PUF, 2003, 369 p., bibl. (« Le lien social »)
260 _c2005.
500 _a60
786 0 _nL'Homme | 173 | 1 | 2005-01-01 | p. 199z-283z | 0439-4216
856 4 1 _uhttps://shs.cairn.info/revue-l-homme-2005-1-page-199z?lang=fr&redirect-ssocas=7080
999 _c1645940
_d1645940